[Event "Wunsiedel op 10th"]
[Site "Wunsiedel"]
[Date "2016.05.05"]
[Round "1"]
[White "Delchev, Aleksander"]
[Black "Linner, Christian"]
[Result "1-0"]
[WhiteElo "2586"]
[BlackElo "2098"]
[PlyCount "55"]
[EventDate "2016.05.05"]
[EventType "swiss"]
[EventRounds "7"]
[EventCountry "GER"]
[SourceTitle "CBM 172 Extra"]
[Source "ChessBase"]
[SourceDate "2016.06.21"]
[SourceVersion "1"]
[SourceVersionDate "2016.06.21"]
[SourceQuality "1"]

1. e4 d6 2. d4 Nf6 3. Nc3 e5 4. Nf3 Nbd7 5. Bc4 Be7 6. a4 c6 7. 0-0 0-0 8. Re1 b6 9. Bg5 h6 10. Bxf6 Bxf6 11. d5 c5 12. a5 bxa5 13. Bb5 Rb8 14. Nd2 Nb6 15. Qe2 Bg5 16. Nb3 a6 17. Nxa5 axb5 18. Nc6 Qf6 19. Nxb8 b4 20. Na4 Nxa4 21. Rxa4 Qg6 22. Nc6 f5 23. Ra8 fxe4 24. Qxe4 Bf5 25. Rxf8+ Kxf8 26. Qf3 Kg8 27. c3 Bd2 28. Ne7+ 1-0

[Event "Regionalliga SO 0203"]
[Site "Bayern"]
[Date "2003.03.09"]
[Round "8.4"]
[White "Gschwendtner, Klaus"]
[Black "Linner, Christian"]
[Result "1/2-1/2"]
[WhiteElo "2071"]
[BlackElo "2031"]
[PlyCount "40"]
[EventDate "2002.10.20"]
[EventType "team"]
[EventRounds "9"]
[EventCountry "GER"]
[SourceTitle "EXT 2004"]
[Source "ChessBase"]
[SourceDate "2003.11.25"]
[SourceVersion "1"]
[SourceVersionDate "2003.11.25"]
[SourceQuality "1"]
[WhiteTeam "Starnberg"]
[BlackTeam "Vogtareuth"]
[WhiteTeamCountry "GER"]
[BlackTeamCountry "GER"]

1. Nf3 d5 2. d4 c6 3. c4 e6 4. g3 f5 5. Bg2 Bd6 6. Nbd2 Nf6 7. 0-0 Nbd7 8. b3 0-0 9. Bb2 Ne4 10. Ne5 Nxe5 11. dxe5 Bc5 12. Nxe4 fxe4 13. Bd4 Qe7 14. Rc1 Bxd4 15. Qxd4 Bd7 16. c5 Be8 17. f4 exf3 18. exf3 Bg6 19. f4 Bf5 20. Rf2 g5 1/2-1/2

[Event "Bayern-chI Bank Hofmann 6th"]
[Site "Bad Wiessee"]
[Date "2002.11.01"]
[Round "7"]
[White "Van der Weide, Karel"]
[Black "Linner, Christian"]
[Result "1-0"]
[WhiteElo "2400"]
[BlackElo "2126"]
[PlyCount "63"]
[EventDate "2002.10.26"]
[EventType "swiss"]
[EventRounds "9"]
[EventCountry "GER"]
[SourceTitle "EXT 2003"]
[Source "ChessBase"]
[SourceDate "2002.11.25"]
[SourceVersion "1"]
[SourceVersionDate "2002.11.25"]
[SourceQuality "1"]

1. e4 e6 2. d3 d5 3. Nd2 c5 4. Ngf3 Nc6 5. g3 Bd6 6. Bg2 Nge7 7. 0-0 0-0 8. Re1 Qc7 9. c3 f6 10. a3 a5 11. b3 b5 12. d4 Bd7 13. exd5 exd5 14. dxc5 Bxc5 15. Nf1 b4 16. Be3 Qb6 17. axb4 axb4 18. Rxa8 Rxa8 19. c4 Rd8 20. cxd5 Bg4 21. Qc2 Bxe3 22. dxc6 Bxf3 23. Bxf3 Bc5 24. Rc1 Bd4 25. Qe2 Kf7 26. Kg2 Bc3 27. Ne3 Qc5 28. Qc4+ Qxc4 29. Nxc4 Ke6 30. Rc2 Ng6 31. c7 Rc8 32. Bg4+ 1-0

[Event "Regionalliga SO 0102"]
[Site "Bayern"]
[Date "2002.04.28"]
[Round "9.8"]
[White "Grimm, Markus"]
[Black "Linner, Christian"]
[Result "0-1"]
[WhiteElo "1875"]
[BlackElo "1950"]
[PlyCount "116"]
[EventDate "2001.10.07"]
[EventType "team"]
[EventRounds "9"]
[EventCountry "GER"]
[SourceTitle "EXT 2003"]
[Source "ChessBase"]
[SourceDate "2002.11.25"]
[SourceVersion "1"]
[SourceVersionDate "2002.11.25"]
[SourceQuality "1"]
[WhiteTeam "Straubing"]
[BlackTeam "Vogtareuth"]
[WhiteTeamCountry "GER"]
[BlackTeamCountry "GER"]

1. c4 Nf6 2. Nc3 g6 3. Nf3 Bg7 4. g3 0-0 5. Bg2 d6 6. 0-0 e5 7. d4 Nbd7 8. dxe5 dxe5 9. Qc2 c6 10. Rd1 Qe7 11. Bg5 h6 12. Bxf6 Nxf6 13. e4 Nd7 14. Qd3 Nc5 15. Qd6 Qxd6 16. Rxd6 a5 17. Ne1 Re8 18. Rad1 Be6 19. Bf1 Bf8 20. R6d2 f6 21. b3 Be7 22. Nd3 Kf7 23. Nxc5 Bxc5 24. Kg2 Ke7 25. Bd3 Bb4 26. Rc2 Red8 27. Na4 Rd4 28. Kf3 Rad8 29. Ke2 Bg4+ 30. f3 Bxf3+ 31. Kxf3 Rxd3+ 32. Rxd3 Rxd3+ 33. Ke2 Rd4 34. Ke3 Rd1 35. Nb2 Bc5+ 36. Ke2 Rd4 37. Kf3 Bb4 38. Ke3 Bc5 39. Kf3 f5 40. Re2 Ke6 41. h3 Bb4 42. Na4 Rd3+ 43. Re3 Rd2 44. exf5+ gxf5 45. Re2 e4+ 46. Kf2 Rxe2+ 47. Kxe2 Ke5 48. Nb2 Kd4 49. Nd1 h5 50. Ne3 Ke5 51. Ng2 Bd6 52. Nf4 h4 53. Ng6+ Kf6 54. Nxh4 Bxg3 55. Ng2 f4 56. Kd1 Ke5 57. Kc2 Kd4 58. Kd1 f3 0-1

[Event "Regionalliga SO 0102"]
[Site "Bayern"]
[Date "2002.03.17"]
[Round "7.5"]
[White "Linner, Christian"]
[Black "Deues, Erik"]
[Result "1-0"]
[WhiteElo "1950"]
[BlackElo "2010"]
[PlyCount "51"]
[EventDate "2001.10.07"]
[EventType "team"]
[EventRounds "9"]
[EventCountry "GER"]
[SourceTitle "EXT 2003"]
[Source "ChessBase"]
[SourceDate "2002.11.25"]
[SourceVersion "1"]
[SourceVersionDate "2002.11.25"]
[SourceQuality "1"]
[WhiteTeam "Vogtareuth"]
[BlackTeam "Unterpfaffenhofen"]
[WhiteTeamCountry "GER"]
[BlackTeamCountry "GER"]

1. d4 Nf6 2. c4 g6 3. Nc3 d5 4. cxd5 Nxd5 5. e4 Nxc3 6. bxc3 Bg7 7. Nf3 c5 8. Rb1 0-0 9. Be2 cxd4 10. cxd4 Qa5+ 11. Bd2 Qxa2 12. 0-0 Qe6 13. Qc2 Qc6 14. Qd3 b6 15. Rfc1 Qd7 16. Qa3 Bb7 17. d5 e6 18. Bb5 Qd8 19. Bg5 f6 20. dxe6 Re8 21. Bxe8 Qxe8 22. Rc7 Bxe4 23. Re1 f5 24. Rxg7+ Kxg7 25. Qc3+ Kg8 26. Bh6 1-0

[Event "Regionalliga SO 0102"]
[Site "Bayern"]
[Date "2002.02.03"]
[Round "5.8"]
[White "Scholl, Reinhard"]
[Black "Linner, Christian"]
[Result "1/2-1/2"]
[WhiteElo "1845"]
[BlackElo "1950"]
[PlyCount "64"]
[EventDate "2001.10.07"]
[EventType "team"]
[EventRounds "9"]
[EventCountry "GER"]
[SourceTitle "EXT 2003"]
[Source "ChessBase"]
[SourceDate "2002.11.25"]
[SourceVersion "1"]
[SourceVersionDate "2002.11.25"]
[SourceQuality "1"]
[WhiteTeam "Landshut"]
[BlackTeam "Vogtareuth"]
[WhiteTeamCountry "GER"]
[BlackTeamCountry "GER"]

1. d4 Nf6 2. Nf3 g6 3. Bf4 Bg7 4. c3 0-0 5. e3 d6 6. Be2 Nbd7 7. h3 e6 8. Na3 Qe7 9. 0-0 e5 10. dxe5 dxe5 11. Bh2 e4 12. Nd4 Ne5 13. Nc4 Nfd7 14. Nb5 Nc5 15. Nxe5 Bxe5 16. Bxe5 Qxe5 17. Qd4 Qe7 18. Rfd1 a6 19. Na3 b5 20. Qd2 Bf5 21. Nc2 Rad8 22. Nd4 Qg5 23. Kh2 Bc8 24. b4 Ne6 25. Qc2 Qe5+ 26. Kg1 Rd6 27. a4 Bd7 28. axb5 axb5 29. Ra5 Rb8 30. Nxe6 Rxd1+ 31. Qxd1 Qxe6 32. Qd4 Qc6 1/2-1/2

[Event "Bayern-chI Bank Hofmann 5th"]
[Site "Bad Wiessee"]
[Date "2001.11.04"]
[Round "9"]
[White "Schwarz, Frank"]
[Black "Linner, Christian"]
[Result "1-0"]
[WhiteElo "2246"]
[BlackElo "2135"]
[PlyCount "63"]
[EventDate "2001.10.27"]
[EventType "swiss"]
[EventRounds "9"]
[EventCountry "GER"]
[SourceTitle "EXT 2003"]
[Source "ChessBase"]
[SourceDate "2002.11.25"]
[SourceVersion "1"]
[SourceVersionDate "2002.11.25"]
[SourceQuality "1"]

1. d4 Nf6 2. Nf3 g6 3. c4 Bg7 4. Nc3 0-0 5. e4 d6 6. Be2 e5 7. 0-0 c6 8. dxe5 dxe5 9. b4 Qe7 10. Rb1 Re8 11. Qb3 Bf8 12. Rd1 Na6 13. a3 Nd7 14. Bg5 Qe6 15. Be3 h6 16. Qc2 Qe7 17. c5 Nc7 18. Nd2 Bg7 19. Nc4 Nf8 20. Nd6 Rd8 21. a4 Kh7 22. b5 Nfe6 23. Qa2 Nd4 24. Bc4 f5 25. f4 Nce6 26. fxe5 Bxe5 27. Qf2 Qf6 28. exf5 Nxf5 29. Nce4 Qh8 30. Nxf5 Rf8 31. Qh4 Rxf5 32. Qxh6+ 1-0

[Event "Passau op 6th"]
[Site "Passau"]
[Date "1998.04.10"]
[Round "1"]
[White "Margraf, Christoph"]
[Black "Linner, Christian"]
[Result "0-1"]
[WhiteElo "1756"]
[BlackElo "2145"]
[PlyCount "102"]
[EventDate "1998.04.10"]
[EventType "swiss"]
[EventRounds "7"]
[EventCountry "GER"]
[SourceTitle "EXT 1999"]
[Source "ChessBase"]
[SourceDate "1998.11.16"]
[SourceVersion "1"]
[SourceVersionDate "1998.11.16"]
[SourceQuality "1"]

1. d4 Nf6 2. c4 g6 3. Nc3 Bg7 4. e4 d6 5. f3 0-0 6. Be3 e5 7. d5 Nh5 8. Nge2 f5 9. Nc1 Nd7 10. Nd3 Ndf6 11. Be2 b6 12. b4 a5 13. a3 Kh8 14. Rc1 Bd7 15. c5 axb4 16. axb4 Ra3 17. c6 Bc8 18. Nb5 Ra8 19. Nf2 Ng8 20. 0-0 f4 21. Bd2 Rf7 22. Ra1 Rxa1 23. Qxa1 Nhf6 24. Qa7 g5 25. Ra1 g4 26. fxg4 Bh6 27. Bf3 Bxg4 28. Bxg4 Nxg4 29. Nxg4 Qh4 30. Nxh6 Nxh6 31. Nxd6 Rg7 32. Rf1 Qg4 33. Rf2 Qd1+ 34. Be1 Qxe1+ 35. Rf1 Qe2 36. Rf2 Qe1+ 37. Rf1 Qd2 38. Rf2 Qd1+ 39. Rf1 Qc2 40. Rf2 Qc1+ 41. Rf1 Qc2 42. Rf2 Qb1+ 43. Rf1 Qxb4 44. Rf2 Qe1+ 45. Rf1 Qe3+ 46. Kh1 f3 47. gxf3 Qe2 48. Qa8+ Ng8 49. Nf7+ Rxf7 50. Rg1 Qxf3+ 51. Rg2 Rg7 0-1

[Event "Oberbayern-ch"]
[Site "Germany"]
[Date "1996.??.??"]
[Round "?"]
[White "Schlosser, Andreas"]
[Black "Linner, Christian"]
[Result "1-0"]
[WhiteElo "2110"]
[BlackElo "1900"]
[PlyCount "115"]
[EventDate "1996.??.??"]
[EventType "swiss"]
[EventRounds "7"]
[EventCountry "GER"]
[SourceTitle "EXT 2004"]
[Source "ChessBase"]
[SourceDate "2003.11.25"]
[SourceVersion "1"]
[SourceVersionDate "2003.11.25"]
[SourceQuality "1"]

1. d4 Nf6 2. Nf3 g6 3. Bf4 Bg7 4. e3 0-0 5. h3 d6 6. Be2 Nbd7 7. 0-0 Re8 8. c3 a5 9. a4 Nf8 10. Na3 h5 11. Qb3 N6h7 12. Rad1 e6 13. Nb5 Bf6 14. Bh2 Qd7 15. Rfe1 Bd8 16. Nd2 Qe7 17. e4 e5 18. dxe5 dxe5 19. Nf3 Be6 20. Bc4 f6 21. Rd2 Bxc4 22. Qxc4+ Qe6 23. Qc5 Nd7 24. Qe3 Kg7 25. Nh4 Nhf8 26. Kh1 Qc4 27. Qg3 Nc5 28. f3 Qxa4 29. Na3 Kf7 30. Bg1 Be7 31. Red1 Nb3 32. Rd5 Rad8 33. Nc2 c6 34. Rxd8 Rxd8 35. Rxd8 Bxd8 36. Qf2 Qb5 37. Na3 Qa6 38. f4 exf4 39. Qxf4 g5 40. Qb8 Ne6 41. Nf5 b6 42. Nc4 Kg6 43. Nfd6 c5 44. Be3 a4 45. h4 Na5 46. Nxa5 bxa5 47. hxg5 fxg5 48. c4 Qc6 49. e5 g4 50. Qb5 Qxb5 51. cxb5 Bb6 52. Nc4 Bc7 53. b6 Bb8 54. Nxa5 Kf5 55. Nc6 Ke4 56. Bf2 Kd3 57. Nxb8 Nd8 58. Bxc5 1-0